Ανάλυση και προσομοίωση συστημάτων
Saved in:
| Main Author: | |
|---|---|
| Format: | Book |
| Language: | Greek |
| Published: |
Χίος :
Πανεπιστήμιο Αιγαίου,
1987.
|
| Subjects: | |
| Tags: |
Add Tag
No Tags, Be the first to tag this record!
|
MARC
| LEADER | 00000cam a2200000 i 4500 | ||
|---|---|---|---|
| 001 | 1/41898 | ||
| 008 | 941103s1987 gr | ||| |||| ||gre|| | ||
| 035 | |a 1988 |b 1 |c Δωρεά |l 10071071 | ||
| 035 | |a 1988 |c ΔΩΡΕΑ | ||
| 040 | |a GR-MyUA |b gre |e AACR2 | ||
| 041 | 0 | |a gre | |
| 082 | 0 | |a 511.8 | |
| 100 | 1 | |a Καρκαζής, Γιάννης. | |
| 245 | 1 | 0 | |a Ανάλυση και προσομοίωση συστημάτων / |c Ιωάννης Καρκαζής. |
| 260 | |a Χίος : |b Πανεπιστήμιο Αιγαίου, |c 1987. | ||
| 300 | |a 150 σ. : |b διαγρ., πιν. ; |c 24 εκ. | ||
| 504 | |a Περιλαμβάνει βιβλιογραφικές αναφορές. | ||
| 650 | 0 | 0 | |a Digital computer simulation. |
| 650 | 0 | 0 | |a Simulation methods. |
| 650 | 0 | 0 | |a Mathematical models. |
| 852 | |a INST |b CHIOS |e 19960513 |h 511.8 ΚΑΡ |p 005200000061 |q 005200000061 |t BK |y 0 | ||
| 852 | |a INST |b CHIOS |e 19960513 |h 511.8 ΚΑΡ |p 005200000062 |q 005200000062 |t BK |y 0 | ||
| 852 | |a INST |b CHIOS |e 19960730 |h 511.8 ΚΑΡ |p 005200009513 |q 005200009513 |t BK |y 0 | ||
| 852 | |a INST |b CHIOS |e 20021206 |h 511.8 ΚΑΡ |p 005200013544 |q 005200013544 |t BK |y 0 | ||
| 852 | |a INST |b CHIOS |e 20031009 |h 511.8 ΚΑΡ |p 005200013778 |q 005200013778 |t BK |y 0 | ||
| 852 | |a INST |b CHIOS |e 20031009 |h 511.8 ΚΑΡ |p 005200013805 |q 005200013805 |t BK |y 0 | ||
| 852 | |a INST |b RHODES |e 19970331 |h 511.8 ΚΑΡ |p 005400000193 |q 005400000193 |t BK |y 0 | ||
| 852 | |a INST |b SAMOS |e 19941103 |h 511.8 ΚΑΡ |p 005300000114 |q 005300000114 |t BK |y 0 | ||
| 901 | |a BIBL2-2003-3 | ||
| 901 | |a BIBL2-2002-3 | ||
| 920 | |a ΜΠΑΛΗΣ |b ΘΕΟΧΑΡΗΣ |y Χίος |z 2002-10 | ||
| 920 | |a ΜΠΑΜΠΑΝΑΣΗΣ |b ΣΤΕΡΓΙΟΣ |y Χίος |z 2002-12 | ||
| 970 | |a ΣΠΕΝΤΖΑ |b ΕΛΕΝΗ |z 2003/10/09 | ||